[Event "Pan American-ch Amateur U2000"]
[Site "San Jose"]
[Date "2019.10.23"]
[Round "2.8"]
[White "Cartin Aguilar, Luis Javier"]
[Black "Carvajal Alarcon, Jose Arturo"]
[Result "0-1"]
[WhiteElo "1767"]
[BlackElo "1928"]
[PlyCount "74"]
[EventDate "2019.10.23"]
[EventType "swiss"]
[EventRounds "9"]
[EventCountry "CRI"]
[SourceTitle "EXT 2024"]
[Source "ChessBase"]
[SourceDate "2023.10.10"]
[SourceVersion "1"]
[SourceVersionDate "2023.10.10"]
[SourceQuality "1"]

1. Nf3 Nf6 2. c4 g6 3. g3 Bg7 4. Bg2 d6 5. 0-0 0-0 6. Nc3 e5 7. d3 Nc6 8. Rb1 a5 9. a3 Bg4 10. b4 axb4 11. axb4 Qd7 12. b5 Ne7 13. Re1 Bh3 14. Bh1 h6 15. Qb3 Ng4 16. Bb2 Kh7 17. Nd5 Nxd5 18. cxd5 f5 19. Rec1 e4 20. Bxg7 Qxg7 21. Nd2 Nxf2 22. Kxf2 e3+ 23. Ke1 exd2+ 24. Kxd2 Rfe8 25. Rc2 Bg4 26. Kd1 Ra1 27. Bf3 Bxf3 28. exf3 Qe5 29. Rd2 Qd4 30. Kc2 Rea8 31. Rb2 Qc5+ 32. Qc3 Rc1+ 33. Kxc1 Qxc3+ 34. Kd1 Ra1+ 35. Ke2 Qe5+ 36. Kf2 Qe1+ 37. Kg2 Qf1# 0-1